Wszystkie węzły A1 na odcinku Gdańsk - Łódź na schemacie - Statystyki

Ogólne statystyki
  • Ten quiz został rozwiązany 159 razy
  • Średni wynik to 9 z 20
Odpowiedzi na mapie
Odpowiedzi zakodowano w zielono-czerwonej skali na mapie do tego quizu, zgodnie z poniższymi procentami.
 
Statystyki odpowiedzi
Odpowiedź % Poprawnych
Grudziądz
69%
Łódź Północ
60%
Rusocin
52%
Toruń Południe
51%
Ciechocinek
49%
Nowe Marzy
49%
Włocławek Zachód
49%
Kutno Północ
48%
Kutno Wschód
48%
Pelplin
48%
Włocławek Północ
48%
Lubicz
45%
Piątek
45%
Kowal
41%
Warlubie
41%
Swarożyn
37%
Stanisławie
35%
Kopytkowo
30%
Turzno
25%
Lisewo
23%
Nie znaleziono quizów pasujących do podanych kryteriów
Rozkład punktacji
Procent ludzi z każdym wynikiem
Percentyl według liczby udzielonych odpowiedzi
Twoja historia wyników
Nie rozwiązałeś tego quizu